Geography Quiz

Random Geography or City Quiz

10 Closest Capitals to Singapore Quiz Stats

 Plays Quiz Updated Jan 26, 2019

Support Sporcle.
Go Orange.
Score 0/10 Timer 02:00
2 Plays Today
Capital % Correct
Jakarta, Indonesia
89.3%
Bangkok, Thailand
87.9%
Kuala Lumpur, Malaysia
87.1%
Hanoi, Vietnam
79.7%
Manila, Philippines
67.1%
Phnom Penh, Cambodia
64.5%
Vientiane, Laos
59.4%
Dili, Timor-Leste (East Timor)
47.9%
Bandar Seri Begawan, Brunei
44.3%
Naypyidaw, Myanmar (Burma)
37.4%

From the Vault

Multi-Category Letter Board IV

by Purple_Parrot

A game of hopscotch through Sporcle.
Remove Ads.
Support Sporcle.
Get the best of Sporcle when you Go Orange. This ad-free experience offers more features, more stats, and more fun while also helping to support Sporcle. Thank you for becoming a member.

Show Comments

Extras

Top Quizzes Today


Score Distribution

Your Account Isn't Verified!

In order to create a playlist on Sporcle, you need to verify the email address you used during registration. Go to your Sporcle Settings to finish the process.

Report this User

Report this user for behavior that violates our Community Guidelines.

Details: